Länder, die Israel nicht anerkennen - Statistiken

Allgemein
  • Dieses Quiz wurde 63 mal gespielt
  • Das Durchschnittsergebnis liegt bei 18 aus 30
Antwortstatistiken
Länder % Korrekt
Irak
93%
Iran
91%
Pakistan
89%
Saudi-Arabien
88%
Libanon
86%
Syrien
86%
Algerien
84%
Jemen
84%
Afghanistan
82%
Oman
82%
Katar
80%
Tunesien
75%
Libyen
73%
Kuwait
71%
Somalia
64%
Niger
63%
Indonesien
59%
Mali
54%
Mauretanien
52%
Nordkorea
50%
Bangladesch
48%
Malaysia
48%
Dschibuti
39%
Kuba
39%
Malediven
36%
Brunei
34%
Venezuela
34%
Komoren
32%
Bolivien
14%
Belize
11%
Keine übereinstimmenden Quizze gefunden
Verteilung der Resultate
Anzahl Personen mit jedem Resultat
Perzentil nach korrekt beantworteten Fragen
Ihre Resultats-Entwicklung
Sie haben dieses Quiz noch nicht gespielt